Исследование динамики чувствительных элементов опорного направления Восток-Запад с осциллирующей по вертикали места массой: диссертация на соискание ученой степени кандидата технических наук; Спец. 01.02.06

Detaylı Bibliyografya
Yazar: Гладышев Ю. Г. Юрий Германович
Müşterek Yazar: Томский политехнический университет
Diğer Yazarlar: Дмитриев В. С. Виктор Степанович (научный руководитель)
Dil:Rusça
Baskı/Yayın Bilgisi: Томск, [Б. и.], 2006
Konular:
Materyal Türü: MixedMaterials Kitap
KOHA link:https://koha.lib.tpu.ru/cgi-bin/koha/opac-detail.pl?biblionumber=107878

MARC

LEADER 00000nbm0a2200000 4500
001 107878
005 20231031115433.0
035 |a (RuTPU)RU\TPU\book\116468 
090 |a 107878 
100 |a 20070109j20061227k y0rusy50 ca 
101 0 |a rus 
102 |a RU 
105 |a a m 001zy 
200 1 |a Исследование динамики чувствительных элементов опорного направления Восток-Запад с осциллирующей по вертикали места массой  |e диссертация на соискание ученой степени кандидата технических наук  |e Спец. 01.02.06  |g Томский политехнический университет; науч. рук. В. С. Дмитриев  |f Ю. Г. Гладышев 
210 |a Томск  |c [Б. и.]  |d 2006 
215 |a 137 л.  |c ил. 
229 |a Защищена 27.12.2006 г. 
320 |a Библиогр.: с. 133-137 (53 назв.). 
610 1 |a навигация 
610 1 |a ориентирование 
610 1 |a устройства 
610 1 |a чувствительные элементы 
610 1 |a сравнительный анализ 
610 1 |a динамические процессы 
610 1 |a физическое моделирование 
610 1 |a математическое моделирование 
610 1 |a диссертации 
610 1 |a труды учёных ТПУ 
675 |a 629.05(04)  |v 3 
686 |a 01.02.06  |2 oksvnk 
700 1 |a Гладышев  |b Ю. Г.  |g Юрий Германович  |4 070 
702 1 |a Дмитриев  |b В. С.  |c профессор, зав. кафедрой точного приборостроения (ТПС) ЭФФ, ТПУ  |c доктор технических наук  |f 1940-  |g Виктор Степанович  |2 stltpush  |3 (RuTPU)RU\TPU\pers\25818  |4 727 
712 0 2 |a Томский политехнический университет  |z 1991-  |2 stltpush  |3 (RuTPU)RU\TPU\col\376 
801 1 |a RU  |b 63413507  |c 20070109  |g PSBO 
801 2 |a RU  |b 63413507  |c 20100625  |g PSBO 
942 |c BK